[Event "London (m/6)"]
[Site "?"]
[Date "2000.??.??"]
[Round "?"]
[White "Kramnik, Vladimir"]
[Black "Kasparov, Garry"]
[Result "1/2-1/2"]
[WhiteElo "2770"]
[BlackElo "2845"]
[PlyCount "131"]
[EventDate "2000.??.??"]
[Source "Chess Informant"]
[SourceDate "2000.10.01"]

1. d4 d5 2. c4 dxc4 3. Nf3 e6 4. e3 a6 5. Bxc4 c5 6. O-O Nf6 7. a4 Nc6 8. Qe2 cxd4 9. Rd1 Be7 10. exd4 O-O 11. Nc3 Nd5 12. Bb3 Re8 13. h4 Ncb4 14. h5 b6 15. Ne5 Bb7 16. a5 b5 17. h6 g6 18. Ne4 Nc7 19. Nc5 Bd5 20. Ra3 Nc6 21. Bxd5 Qxd5 22. Ncd7 Rad8 23. Nxc6 Rxd7 24. Nxe7+ Rexe7 25. Rc3 f6 26. Be3 Kf7 27. Rdc1 Qb7 28. Rc5 Nd5 29. Qf3 Nb4 30. Qe2 Rc7 31. Bf4 Rxc5 32. dxc5 e5 33. Qd2 Nc6 34. Qd5+ Kf8 35. Be3 Qd7 36. Qf3 Kf7 37. Rd1 e4 38. Qe2 Qf5 39. Rd6 Re6 40. Rd7+ Re7 41. Rd6 Re6 42. Qd1 g5 43. Qh5+ Ke7 44. Qd1 Kf7 45. Rd7+ Kg6 46. Rg7+ Kxh6 47. Qd7 Re5 48. Qf7 Rd5 49. Kh1 Nd8 50. Rxh7+ Qxh7 51. Qxd5 Kg6+ 52. Kg1 Qc7 53. Qg8+ Kf5 54. Qd5+ Kg6 55. Qxe4+ Kg7 56. Qa8 Qd7 57. Kh2 Qd3 58. g3 Nf7 59. Qb7 Kg6 60. Qxa6 Ne5 61. Qa8 Ng4+ 62. Kh3 Qf5 63. Qg8+ Kh6 64. Qh8+ Kg6 65. Qe8+ Kh6 66. Qh8+ 1/2-1/2

[Event "Bosna SuperGM"]
[Site "Sarajevo"]
[Date "2002.05.28"]
[Round "7"]
[White "Sokolov, Ivan"]
[Black "Shirov, Alexei"]
[Result "1/2-1/2"]
[WhiteElo "2647"]
[BlackElo "2704"]
[PlyCount "53"]
[EventDate "2002.05.22"]
[Source "ChessBase"]
[SourceDate "2002.09.20"]

1. d4 d5 2. c4 dxc4 3. e3 Nf6 4. Bxc4 e6 5. Nf3 c5 6. O-O a6 7. a4 Nc6 8. Qe2 Qc7 9. Nc3 Bd6 10. Bd2 O-O 11. Rac1 b6 12. dxc5 bxc5 13. h3 Bb7 14. Rfd1 Rfd8 15. Be1 h6 16. Bd3 Ne5 17. Nxe5 Bxe5 18. f3 Nd5 19. Kh1 Nxc3 20. Bxc3 a5 21. Bd4 Bd6 22. Bb5 Qe7 23. Bc3 Qh4 24. Be1 Qf6 25. Bc3 Qh4 26. Be1 Qf6 27. Bc3 1/2-1/2

[Event "Oslo"]
[Site "Oslo"]
[Date "1984.??.??"]
[Round "?"]
[White "Karpov, Anatoly"]
[Black "Huebner, Robert"]
[Result "1/2-1/2"]
[WhiteElo "2705"]
[BlackElo "2620"]
[PlyCount "70"]
[EventDate "1984.04.??"]
[Source "ChessBase"]

1. Nf3 d5 2. d4 Nf6 3. c4 dxc4 4. e3 e6 5. Bxc4 a6 6. a4 c5 7. O-O Nc6 8. Qe2 cxd4 9. Rd1 Be7 10. exd4 O-O 11. Nc3 Nd5 12. Bd3 Ncb4 13. Be4 Nf6 14. Bf4 Nbd5 15. Nxd5 exd5 16. Bd3 Bg4 17. Rdc1 Re8 18. Bc7 Qd7 19. Qe3 Bxf3 20. Qxf3 Bd6 21. Ba5 Ne4 22. Re1 Qc6 23. Re2 Re6 24. Rc2 Qd7 25. Bf1 Rc8 26. Rxc8+ Qxc8 27. Be1 Qc2 28. Qd1 Qxb2 29. Rb1 Nc3 30. Bxc3 Qxc3 31. Rxb7 g6 32. Qf3 Qxf3 33. gxf3 a5 34. Rb5 Bb4 35. Rxd5 Rd6 1/2-1/2

[Event "Ship Yuzhnaya Palmyra"]
[Site "?"]
[Date "2006.08.30"]
[Round "2"]
[White "Lerner Konstantin Z"]
[Black "Ivanchuk Vassily"]
[Result "0-1"]
[WhiteElo "2523"]
[BlackElo "2734"]
[PlyCount "40"]
[EventDate "2006.??.??"]
[Source "www.chesslib.no"]
[SourceDate "2004.05.04"]

1. d4 d5 2. c4 dxc4 3. Nf3 Nf6 4. e3 e6 5. Bxc4 a6 6. O-O c5 7. a4 Nc6 8. Qe2 Be7 9. Rd1 O-O 10. Nc3 Qc7 11. h3 Rd8 12. b3 cxd4 13. exd4 Na5 14. Bg5 h6 15. Bxf6 Bxf6 16. Ne4 Be7 17. Rac1 Nxc4 18. Rxc4 Qb6 19. Qe3 Bd7 20. Ne5 Be8 0-1

[Event "EU-ch 2nd playoff g5'"]
[Site "Ohrid"]
[Date "2001.06.15"]
[Round "1.3"]
[White "Lautier, Joel"]
[Black "Markowski, Tomasz"]
[Result "1-0"]
[WhiteElo "2658"]
[BlackElo "2592"]
[PlyCount "91"]
[EventDate "2001.06.15"]
[Source "ChessBase"]
[SourceDate "2001.09.13"]

1. d4 d5 2. c4 dxc4 3. e3 Nf6 4. Bxc4 e6 5. Nf3 a6 6. O-O c5 7. a4 Nc6 8. Qe2 cxd4 9. Rd1 Be7 10. exd4 O-O 11. Nc3 Nd5 12. Bb3 Re8 13. h4 Ncb4 14. h5 b6 15. Ne5 Bb7 16. Ne4 f5 17. Nc3 Bf6 18. Bd2 Rc8 19. Rac1 Qe7 20. Bc4 a5 21. Nb5 Ba8 22. Bb3 Red8 23. Re1 Rxc1 24. Rxc1 Re8 25. Nc4 Bg5 26. Ncd6 Bxd2 27. Qxd2 Rf8 28. Re1 Kh8 29. Bc4 h6 30. Bf1 Qh4 31. Rxe6 Qxh5 32. Re5 Qg4 33. Be2 Qg6 34. Bf3 f4 35. Qe2 Nf6 36. Bxa8 Rxa8 37. Nf5 Rf8 38. Nbd6 Nbd5 39. Qf3 Kh7 40. Rxd5 Nxd5 41. Qxd5 Qg4 42. f3 Qg5 43. Qe4 Kh8 44. Nf7+ Rxf7 45. Qe8+ Kh7 46. Qxf7 1-0

[Event "Beograd"]
[Site "?"]
[Date "1987.??.??"]
[Round "?"]
[White "Nikolic, Pr"]
[Black "Ljubojevic, Lj"]
[Result "1/2-1/2"]
[WhiteElo "2620"]
[BlackElo "2625"]
[PlyCount "33"]
[EventDate "1987.??.??"]
[Source "ChessBase"]
[SourceDate "1987.07.01"]

1. d4 d5 2. c4 dxc4 3. e3 Nf6 4. Bxc4 e6 5. Nf3 c5 6. O-O a6 7. a4 Nc6 8. Qe2 cxd4 9. Rd1 Be7 10. Nxd4 Nxd4 11. exd4 O-O 12. Nc3 Qd6 13. Bg5 Nd5 14. Bxe7 Nxe7 15. d5 exd5 16. Nxd5 Nxd5 17. Bxd5 1/2-1/2

[Event "NED-ch"]
[Site "Leeuwarden"]
[Date "2002.06.25"]
[Round "5"]
[White "Sokolov, Ivan"]
[Black "Van den Doel, Erik"]
[Result "1/2-1/2"]
[WhiteElo "2647"]
[BlackElo "2583"]
[PlyCount "75"]
[EventDate "2002.06.20"]
[Source "ChessBase"]
[SourceDate "2002.09.20"]

1. d4 d5 2. Nf3 e6 3. c4 dxc4 4. e3 c5 5. Bxc4 a6 6. O-O Nf6 7. a4 Nc6 8. Qe2 cxd4 9. Rd1 Be7 10. exd4 O-O 11. Nc3 Nd5 12. Bd2 Bf6 13. Qe4 Ncb4 14. h4 Bd7 15. Bg5 Bc6 16. Qg4 Bxg5 17. hxg5 Nxc3 18. bxc3 Bxf3 19. Qxf3 Nd5 20. Rab1 Rb8 21. Qg3 Rc8 22. Bxd5 Qxd5 23. Rb4 Rc4 24. Rxc4 Qxc4 25. Rb1 Qxa4 26. Rxb7 a5 27. Qd3 g6 28. Ra7 Qa3 29. d5 exd5 30. Qxd5 Qxc3 31. Qxa5 Qc1+ 32. Kh2 Qf4+ 33. Kg1 Qc1+ 34. Kh2 h6 35. gxh6 Qxh6+ 36. Kg3 Qc1 37. Qe5 Qc8 38. f3 1/2-1/2

[Event "Olympiad"]
[Site "Dubai ol"]
[Date "1986.??.??"]
[Round "?"]
[White "Karpov, Anatoly"]
[Black "Gheorghiu, Florin"]
[Result "1/2-1/2"]
[WhiteElo "2700"]
[BlackElo "2525"]
[PlyCount "119"]
[EventDate "1986.??.??"]
[Source "www.chesslib.no"]
[SourceDate "2004.05.04"]

1. d4 d5 2. Nf3 Nf6 3. c4 dxc4 4. e3 e6 5. Bxc4 c5 6. O-O a6 7. a4 cxd4 8. exd4 Be7 9. Nc3 O-O 10. d5 exd5 11. Nxd5 Nxd5 12. Bxd5 Nc6 13. Bxc6 bxc6 14. Qxd8 Rxd8 15. Ne5 Bd7 16. Nxd7 Rxd7 17. Be3 Rb7 18. Rfc1 Rxb2 19. Rxc6 a5 20. g3 h6 21. Bd4 Rd2 22. Be3 Rd3 23. Ra2 Bb4 24. Rcc2 Rad8 25. Bc5 Bc3 26. Ra3 Rd1+ 27. Kg2 Bd2 28. Rb3 Ra1 29. Ra3 Rb1 30. Raa2 Bc1 31. Re2 Rd5 32. Be3 Bxe3 33. Rxe3 Rb4 34. Re8+ Kh7 35. Re7 Rf5 36. h4 g5 37. hxg5 hxg5 38. Ra7 g4 39. Kf1 Kg6 40. Re7 Kf6 41. Re3 Rf3 42. Re8 Rc3 43. Ke2 Rcc4 44. Ra8 Re4+ 45. Kd3 Re5 46. Rc8 Rd5+ 47. Kc3 Rf5 48. Rc4 Rf3+ 49. Kd4 Rfb3 50. Rac2 Kf5 51. Kc5 f6 52. Kd4 Rxc4+ 53. Rxc4 Kg6 54. Rc5 Rf3 55. Rc2 Ra3 56. Rc4 f5 57. Kc5 Rb3 58. Kd5 Rb2 59. Rf4 Kf6 60. Kd6 1/2-1/2

[Event "New York USA"]
[Site "?"]
[Date "2002.10.08"]
[Round "3"]
[White "Nakamura Hikaru"]
[Black "Ibragimov Ildar"]
[Result "1-0"]
[WhiteElo "2571"]
[BlackElo "2651"]
[PlyCount "107"]
[EventDate "2002.??.??"]
[Source "www.chesslib.no"]
[SourceDate "2004.05.04"]

1. d4 d5 2. c4 dxc4 3. Nf3 a6 4. a4 Nf6 5. e3 e6 6. Bxc4 c5 7. O-O Nc6 8. Qe2 Qc7 9. Nc3 Bd6 10. dxc5 Bxc5 11. h3 O-O 12. Rd1 b6 13. e4 Nd7 14. e5 Ndxe5 15. Bf4 Nxf3+ 16. Qxf3 e5 17. Nd5 Qd8 18. Nb4 Qf6 19. Nxc6 exf4 20. Nb4 Be6 21. Bd5 Rad8 22. Bxe6 fxe6 23. Nxa6 Bd4 24. Nc7 Bxb2 25. Rxd8 Rxd8 26. Re1 Be5 27. Qc6 Bxc7 28. Qxc7 f3 29. Qxb6 fxg2 30. a5 e5 31. Qb3+ Kh8 32. Rd1 Rf8 33. Qe3 h6 34. Ra1 e4 35. Ra4 Qd6 36. Qxe4 Qd1+ 37. Kxg2 Qd2 38. Qd4 Qc2 39. Ra3 Qc6+ 40. Kh2 Qc7+ 41. Kg2 Qc6+ 42. Kh2 Qc7+ 43. Rg3 Rf7 44. a6 Qa5 45. Rg6 Qc7+ 46. Kg2 Qa5 47. Rxh6+ Kg8 48. Rd6 Qg5+ 49. Qg4 Qa5 50. Qh4 Rf8 51. Qc4+ Kh7 52. Qd3+ Kg8 53. Qd5+ Qxd5+ 54. Rxd5 1-0

[Event "Cannes masters k.o."]
[Site "Cannes"]
[Date "2000.02.22"]
[Round "4.2"]
[White "Vaisser, Anatoli"]
[Black "Tkachiev, Vladislav"]
[Result "0-1"]
[WhiteElo "2549"]
[BlackElo "2670"]
[PlyCount "80"]
[EventDate "2000.02.19"]
[Source "ChessBase"]
[SourceDate "2000.05.31"]

1. d4 d5 2. c4 dxc4 3. e3 Nf6 4. Bxc4 e6 5. Nf3 c5 6. O-O a6 7. a4 Nc6 8. Qe2 Qc7 9. Nc3 Be7 10. b3 O-O 11. Bb2 Bd7 12. d5 exd5 13. Nxd5 Nxd5 14. Bxd5 Rad8 15. e4 Qc8 16. Nd2 Be6 17. Nc4 Nd4 18. Bxd4 cxd4 19. Rac1 Bxd5 20. exd5 Qd7 21. Nb6 Qd6 22. a5 Bf6 23. Qc4 Rfe8 24. g3 h5 25. b4 h4 26. Kg2 Qe5 27. Qd3 Qh5 28. Rfe1 h3+ 29. Kf1 Re5 30. f4 Re7 31. Kf2 Rxe1 32. Rxe1 Qg4 33. d6 g5 34. Nd5 Rxd6 35. Nxf6+ Rxf6 36. Qxd4 Qf5 37. Re5 Qc2+ 38. Kf3 Qg2+ 39. Kg4 Rxf4+ 40. Qxf4 gxf4 0-1

[Event "Tilburg"]
[Site "Tilburg"]
[Date "1992.??.??"]
[Round "2"]
[White "Vyzmanavin, Alexey"]
[Black "Ehlvest, Jaan"]
[Result "1/2-1/2"]
[WhiteElo "2580"]
[BlackElo "2635"]
[PlyCount "87"]
[EventDate "1992.10.??"]
[Source "ChessBase"]

1. d4 d5 2. c4 dxc4 3. e3 Nf6 4. Bxc4 e6 5. Nf3 c5 6. O-O a6 7. a4 Nc6 8. Qe2 cxd4 9. Rd1 Be7 10. exd4 O-O 11. Nc3 Nd5 12. h3 Ncb4 13. Ne5 Bd7 14. Bb3 Be8 15. Qf3 Rc8 16. Bd2 Nxc3 17. bxc3 Nc6 18. Bf4 Bd6 19. Qg3 Qc7 20. Bc2 f6 21. Ng6 Bxf4 22. Nxf4 Nd8 23. Rac1 Bf7 24. Bb3 Re8 25. Re1 Qd6 26. Re3 Qa3 27. Rb1 b5 28. axb5 axb5 29. Qg4 Rb8 30. Rg3 Qf8 31. Re1 Rb6 32. h4 Rd6 33. h5 b4 34. Ng6 hxg6 35. hxg6 Bxg6 36. Qxg6 Qf7 37. Qg4 bxc3 38. Rxc3 Qd7 39. Rh3 Rxd4 40. Qh5 Qf7 41. Qh7+ Kf8 42. Rg3 Qg8 43. Rh3 Kf7 44. Qh5+ 1/2-1/2

[Event "Erevan ARM"]
[Site "Erevan ARM"]
[Date "1982.??.??"]
[Round "?"]
[White "Petrosian, Tigran V"]
[Black "Tal, Mikhail N"]
[Result "1-0"]
[WhiteElo "2605"]
[BlackElo "2605"]
[PlyCount "36"]
[EventDate "1982.??.??"]
[Source "www.chesslib.no"]
[SourceDate "2004.05.04"]

1. d4 d5 2. c4 dxc4 3. Nf3 Nf6 4. e3 e6 5. Bxc4 c5 6. O-O a6 7. a4 Nc6 8. Qe2 Be7 9. Rd1 Qc7 10. Nc3 O-O 11. d5 exd5 12. Nxd5 Nxd5 13. Bxd5 Bg4 14. h3 Bh5 15. b3 Bf6 16. Bb2 Bxb2 17. Qxb2 Nb4 18. Bc4 Rad8 1-0

[Event "Beer-Sheva"]
[Site "?"]
[Date "1988.??.??"]
[Round "?"]
[White "Pinter, J."]
[Black "Kortchnoi, V."]
[Result "1-0"]
[WhiteElo "2570"]
[BlackElo "2640"]
[PlyCount "91"]
[EventDate "1988.??.??"]
[Source "ChessBase"]
[SourceDate "1988.01.01"]

1. d4 d5 2. Nf3 Nf6 3. c4 dxc4 4. e3 e6 5. Bxc4 c5 6. O-O a6 7. a4 cxd4 8. exd4 Be7 9. Nc3 O-O 10. Qe2 Nc6 11. Rd1 Nb4 12. Ne5 b6 13. Qf3 Nfd5 14. Nxd5 exd5 15. Bb3 Be6 16. Bd2 f6 17. Ng4 Nc6 18. Bc3 Qd7 19. h3 Rad8 20. Qe2 a5 21. Re1 Bf7 22. Qf3 Kh8 23. Ne3 Rfe8 24. Bc2 Bf8 25. Bd3 Qd6 26. h4 Nb4 27. Nf5 Qc7 28. Bb5 Nc2 29. Rxe8 Bxe8 30. Rc1 Nb4 31. Bd2 Qf7 32. Bxb4 axb4 33. Ne3 Kg8 34. b3 Bxb5 35. axb5 Qe6 36. Rc6 Qe4 37. Qxe4 dxe4 38. Rxb6 Rxd4 39. Rb8 Kf7 40. b6 Rd7 41. Rc8 Bd6 42. Nc4 Ke6 43. Kf1 Be5 44. Ke2 Bd4 45. Rb8 Kf5 46. b7 1-0

[Event "Zonal 2.4"]
[Site "?"]
[Date "2005.10.29"]
[Round "8"]
[White "Leitao Rafael"]
[Black "Milos Gilberto"]
[Result "1/2-1/2"]
[WhiteElo "2586"]
[BlackElo "2620"]
[PlyCount "42"]
[EventDate "2005.??.??"]
[Source "www.chesslib.no"]
[SourceDate "2004.05.04"]

1. d4 d5 2. c4 dxc4 3. Nf3 Nf6 4. e3 e6 5. Bxc4 c5 6. O-O a6 7. a4 Nc6 8. Qe2 cxd4 9. Rd1 Be7 10. exd4 O-O 11. Nc3 Nd5 12. Bb3 Re8 13. h4 Na5 14. Bc2 Nb4 15. Bg5 f6 16. Be3 Nxc2 17. Qxc2 Nc4 18. Qb3 Nxe3 19. fxe3 Qa5 20. Rac1 Qb4 21. Qxb4 Bxb4 1/2-1/2

[Event "Biel GM"]
[Site "Biel"]
[Date "2002.07.30"]
[Round "8"]
[White "Pelletier, Yannick"]
[Black "Tkachiev, Vladislav"]
[Result "1/2-1/2"]
[WhiteElo "2571"]
[BlackElo "2625"]
[PlyCount "23"]
[EventDate "2002.07.22"]
[Source "ChessBase"]
[SourceDate "2002.11.12"]

1. Nf3 d5 2. d4 e6 3. c4 dxc4 4. e3 c5 5. Bxc4 a6 6. a4 Nf6 7. O-O Nc6 8. Nc3 Be7 9. Qe2 cxd4 10. Rd1 e5 11. exd4 exd4 12. Nxd4 1/2-1/2

[Event "XVII Festival"]
[Site "Abu Dhabi EAU"]
[Date "2007.08.20"]
[Round "9"]
[White "Ghaem Maghami, E."]
[Black "Ganguly, S."]
[Result "1-0"]
[WhiteElo "2610"]
[BlackElo "2586"]
[PlyCount "63"]
[EventDate "2007.08.12"]
[Source "www.chesslib.no"]
[SourceDate "2004.05.04"]

1. Nf3 d5 2. c4 dxc4 3. e3 Nf6 4. Bxc4 e6 5. O-O a6 6. a4 c5 7. d4 b6 8. e4 cxd4 9. e5 Nfd7 10. Qxd4 Bb7 11. Qg4 Qc7 12. Nc3 Nc6 13. Bf4 h5 14. Qh3 Nc5 15. Rad1 g6 16. Ng5 Nb4 17. Be3 Qxe5 18. Nxf7 Kxf7 19. Bd4 Qf4 20. Bxc5 Qxc4 21. Bxb4 Bxb4 22. Rd7+ Be7 23. Rxb7 Qc6 24. Rxe7+ Kxe7 25. Qh4+ Kd7 26. Rd1+ Kc8 27. Ne2 Ra7 28. Rc1 Qxc1+ 29. Nxc1 Rd7 30. Qc4+ Kb7 31. h4 Ka7 32. Nd3 1-0

[Event "Reykjavik"]
[Site "Reykjavik"]
[Date "1988.??.??"]
[Round "?"]
[White "Tal, M."]
[Black "Ehlvest, J."]
[Result "1/2-1/2"]
[WhiteElo "2615"]
[BlackElo "2580"]
[PlyCount "28"]
[EventDate "1988.??.??"]
[Source "www.chesslib.no"]
[SourceDate "2004.05.04"]

1. d4 d5 2. c4 dxc4 3. Nf3 Nf6 4. e3 e6 5. Bxc4 c5 6. O-O a6 7. a4 Nc6 8. Nc3 Be7 9. Qe2 cxd4 10. Rd1 O-O 11. exd4 Nd5 12. Qe4 Nf6 13. Qh4 Nd5 14. Qg4 Nf6 1/2-1/2

[Event "Monarch Assurance"]
[Site "Isle of Man"]
[Date "2007.09.28"]
[Round "7.2"]
[White "Kuzubov, Yuriy"]
[Black "Efimenko, Zahar"]
[Result "1/2-1/2"]
[WhiteElo "2568"]
[BlackElo "2624"]
[PlyCount "30"]
[EventDate "2007.09.22"]
[Source "www.chesslib.no"]
[SourceDate "2004.05.04"]

1. d4 d5 2. c4 dxc4 3. Nf3 Nf6 4. e3 e6 5. Bxc4 c5 6. O-O a6 7. a4 Nc6 8. Nc3 Be7 9. Qe2 cxd4 10. Rd1 e5 11. exd4 exd4 12. Nxd4 Nxd4 13. Qe5 Qd6 14. Qxd6 Bxd6 15. Rxd4 Be5 1/2-1/2

[Event "EU-ch 3rd"]
[Site "Batumi"]
[Date "2002.06.17"]
[Round "6"]
[White "Marin, Mihail"]
[Black "Kharlov, Andrei"]
[Result "1/2-1/2"]
[WhiteElo "2556"]
[BlackElo "2633"]
[PlyCount "106"]
[EventDate "2002.06.12"]
[Source "ChessBase"]
[SourceDate "2002.09.20"]

1. d4 d5 2. c4 dxc4 3. e3 e6 4. Bxc4 c5 5. Nf3 a6 6. a4 Nf6 7. O-O Nc6 8. Qe2 cxd4 9. Rd1 Be7 10. exd4 O-O 11. Nc3 Nd5 12. Qe4 Nf6 13. Qe2 Nd5 14. Qe4 Nf6 15. Qh4 Nd5 16. Qg4 Nf6 17. Qh4 Nd5 18. Qg4 Nf6 19. Qg3 Nh5 20. Qh3 Nf6 21. Qg3 Nh5 22. Qh3 Nf6 23. Ba2 e5 24. Qh4 Ng4 25. Qg3 Nxd4 26. Nxd4 exd4 27. Ne4 Kh8 28. h3 f5 29. hxg4 fxe4 30. Qe5 Bxg4 31. Rxd4 Bf6 32. Rxd8 Bxe5 33. Rxa8 Rxa8 34. Be3 Rd8 35. Rb1 h6 36. Bc4 Kh7 37. a5 Kg6 38. b4 h5 39. b5 axb5 40. Bxb5 h4 41. a6 bxa6 42. Bxa6 Kf5 43. Bb7 Be2 44. Re1 Bd3 45. Rc1 g5 46. Bc8+ Kf6 47. Rc6+ Rd6 48. Rxd6+ Bxd6 49. f3 Bf4 50. Bxf4 gxf4 51. fxe4 Bxe4 52. Kf2 Kg5 53. Bd7 Bf5 1/2-1/2

[Event "TCh-ROU Superliga"]
[Site "Predeal ROU"]
[Date "2007.10.15"]
[Round "3"]
[White "Miroshnichenko, E."]
[Black "Kruppa, Y."]
[Result "1/2-1/2"]
[WhiteElo "2651"]
[BlackElo "2533"]
[PlyCount "56"]
[EventDate "2007.10.13"]
[Source "www.chesslib.no"]
[SourceDate "2004.05.04"]

1. Nf3 d5 2. d4 Nf6 3. c4 dxc4 4. e3 e6 5. Bxc4 c5 6. O-O a6 7. a4 Nc6 8. Qe2 Be7 9. Rd1 O-O 10. dxc5 Qc7 11. b3 Ne4 12. Bb2 Nxc5 13. Nbd2 b6 14. Nd4 Bf6 15. Rac1 Qb7 16. Ba3 Bxd4 17. exd4 Nxd4 18. Qe5 Nc6 19. Qh5 a5 20. Nf3 Nb4 21. Bb2 f6 22. Nd4 Qf7 23. Qe2 Ba6 24. Nb5 Bxb5 25. axb5 Nd5 26. Qf3 Rfd8 27. Bd4 Rac8 28. g3 Rd6 1/2-1/2

[Event "IBM"]
[Site "Amsterdam"]
[Date "1974.??.??"]
[Round "15"]
[White "Geller, Efim P"]
[Black "Tukmakov, Vladimir B"]
[Result "1-0"]
[WhiteElo "2610"]
[BlackElo "2570"]
[PlyCount "79"]
[EventDate "1974.??.??"]
[Source "ChessBase"]

1. d4 d5 2. c4 dxc4 3. Nf3 Nf6 4. e3 e6 5. Bxc4 c5 6. O-O a6 7. a4 Nc6 8. Qe2 cxd4 9. Rd1 Be7 10. exd4 O-O 11. Nc3 Nd5 12. Bd2 b6 13. Ne5 Ncb4 14. Nxd5 exd5 15. Bxb4 Bxb4 16. Nc6 Qd6 17. Bxd5 Bb7 18. Nxb4 Bxd5 19. Nxd5 Qxd5 20. Rac1 Rfe8 21. Qc4 Qxc4 22. Rxc4 Rad8 23. Kf1 Kf8 24. Re1 Re6 25. Rxe6 fxe6 26. Ke2 Ke7 27. Rc7+ Kf6 28. Ke3 Rd6 29. Ke4 h6 30. b4 g5 31. Ra7 b5 32. axb5 axb5 33. Rh7 Kg6 34. Rb7 Rd5 35. g4 Kf6 36. Rh7 Kg6 37. Rb7 Kf6 38. h3 Kg6 39. Rc7 Rd8 40. Rc5 1-0

[Event "Lone Pine op"]
[Site "Lone Pine"]
[Date "1978.??.??"]
[Round "9"]
[White "Browne, Walter S"]
[Black "Portisch, Lajos"]
[Result "0-1"]
[WhiteElo "2550"]
[BlackElo "2630"]
[PlyCount "86"]
[EventDate "1978.04.??"]
[Source "ChessBase"]

1. d4 d5 2. c4 dxc4 3. Nf3 Nf6 4. e3 e6 5. Bxc4 c5 6. O-O a6 7. a4 Nc6 8. Qe2 cxd4 9. Rd1 Be7 10. exd4 O-O 11. Nc3 Nd5 12. Bd3 Ncb4 13. Bb1 b6 14. a5 bxa5 15. Ne5 Bb7 16. Ne4 Rc8 17. Ra3 f5 18. Nc5 Bxc5 19. dxc5 Rxc5 20. Rg3 Rc7 21. h4 Qc8 22. Bg5 Nf6 23. h5 Ne4 24. Bxe4 Bxe4 25. h6 Nd5 26. hxg7 Rxg7 27. Rc1 Qb7 28. Bh6 Rxg3 29. fxg3 Rc8 30. Rxc8+ Qxc8 31. Qh5 Qc5+ 32. Kh2 Qe7 33. Nc6 Qd7 34. Qg5+ Kh8 35. Bf8 Qf7 36. Bh6 Qf6 37. Qh5 Qg6 38. Qh4 Nf6 39. Kg1 Bxc6 40. Qf4 e5 41. Qd2 Ne4 42. Qd8+ Be8 43. Bf8 h6 0-1

[Event "34th Olympiad, Istanbul TUR"]
[Site "?"]
[Date "2000.??.??"]
[Round "2"]
[White "Giorgadze, G."]
[Black "Lesiege, A."]
[Result "1/2-1/2"]
[WhiteElo "2595"]
[BlackElo "2580"]
[PlyCount "46"]
[EventDate "2000.??.??"]
[Source "www.chesslib.no"]
[SourceDate "2004.05.04"]

1. Nf3 d5 2. e3 Nf6 3. c4 e6 4. d4 dxc4 5. Bxc4 c5 6. O-O a6 7. a4 Nc6 8. Nc3 Be7 9. Qe2 Qc7 10. Rd1 O-O 11. dxc5 Bxc5 12. Bd2 Bd7 13. Be1 Rfd8 14. Rac1 Qe5 15. b3 Bd6 16. g3 Ne4 17. Kf1 Be7 18. h4 Nf6 19. Bd2 h6 20. Ne4 Qd4 21. exd4 Nxe4 22. a5 Nf6 23. b4 Ng4 1/2-1/2

[Event "Munich"]
[Site "Munich"]
[Date "1993.??.??"]
[Round "9"]
[White "Lutz, Christopher"]
[Black "Huebner, Robert"]
[Result "1-0"]
[WhiteElo "2550"]
[BlackElo "2620"]
[PlyCount "63"]
[EventDate "1993.05.??"]
[Source "ChessBase"]

1. Nf3 d5 2. c4 dxc4 3. e3 Nf6 4. Bxc4 e6 5. O-O a6 6. d4 c5 7. a4 Nc6 8. Qe2 Qc7 9. Rd1 Bd6 10. dxc5 Bxc5 11. b3 O-O 12. Bb2 e5 13. h3 Qe7 14. Nc3 e4 15. Nd2 Bf5 16. Nf1 Rad8 17. Ng3 Bg6 18. Rxd8 Rxd8 19. Rd1 Nb4 20. Rxd8+ Qxd8 21. Nb1 Ne8 22. Nd2 Nd6 23. Qg4 b5 24. axb5 axb5 25. Bf1 f5 26. Qd1 Qe7 27. Qc1 Qa7 28. Be5 Nf7 29. Bd4 Na6 30. b4 f4 31. Ne2 fxe3 32. fxe3 1-0

[Event "Graz zt"]
[Site "Graz"]
[Date "1993.??.??"]
[Round "2"]
[White "Lutz, Christopher"]
[Black "Lobron, Eric"]
[Result "1/2-1/2"]
[WhiteElo "2550"]
[BlackElo "2620"]
[PlyCount "47"]
[EventDate "1993.03.??"]
[Source "ChessBase"]

1. d4 d5 2. c4 dxc4 3. Nf3 Nf6 4. e3 e6 5. Bxc4 c5 6. O-O a6 7. a4 Nc6 8. Qe2 cxd4 9. Rd1 Be7 10. exd4 O-O 11. Nc3 Nd5 12. Bd2 Re8 13. Rac1 Bf6 14. Qe4 Ncb4 15. h4 Bd7 16. Ng5 Bxg5 17. Bxg5 f6 18. Bd2 Bc6 19. Qg4 f5 20. Qg3 Qb8 21. Qg5 Qd8 22. Qg3 Qb8 23. Qg5 Qd8 24. Qg3 1/2-1/2

[Event "60th ch-RUS Higher League"]
[Site "Krasnoyarsk RUS"]
[Date "2007.09.10"]
[Round "7"]
[White "Kornev, Alexei"]
[Black "Yakovich, Yur"]
[Result "1/2-1/2"]
[WhiteElo "2567"]
[BlackElo "2597"]
[PlyCount "25"]
[EventDate "2007.09.03"]
[Source "www.chesslib.no"]
[SourceDate "2004.05.04"]

1. d4 d5 2. c4 dxc4 3. Nf3 a6 4. e3 e6 5. Bxc4 c5 6. O-O Nf6 7. a4 Nc6 8. Qe2 cxd4 9. Rd1 Be7 10. exd4 O-O 11. Nc3 Nd5 12. Qe4 Nf6 13. Qe2 1/2-1/2

[Event "EUCup Honved-Solingen"]
[Site "Solingen GER"]
[Date "1989.??.??"]
[Round "?"]
[White "Pinter, Jozsef"]
[Black "Huebner, Robert"]
[Result "1/2-1/2"]
[WhiteElo "2560"]
[BlackElo "2600"]
[PlyCount "62"]
[EventDate "1989.??.??"]
[Source "www.chesslib.no"]
[SourceDate "2004.05.04"]

1. d4 d5 2. c4 dxc4 3. Nf3 Nf6 4. e3 e6 5. Bxc4 c5 6. O-O a6 7. a4 Nc6 8. Qe2 cxd4 9. Rd1 Be7 10. exd4 O-O 11. Nc3 Nb4 12. Ne5 Bd7 13. d5 exd5 14. Nxd5 Nbxd5 15. Bxd5 Nxd5 16. Rxd5 Bg4 17. Qc4 Qxd5 18. Qxd5 Rad8 19. Qb3 Rd1+ 20. Qxd1 Bxd1 21. Bg5 Bxg5 22. Rxd1 Rc8 23. g3 Bf6 24. Rd5 g6 25. Nd3 Rc4 26. b3 Rd4 27. Nf4 Rxd5 28. Nxd5 Bd4 29. Kf1 f5 30. Ke2 Kf7 31. f3 Ke6 1/2-1/2

[Event "Haninge"]
[Site "Haninge"]
[Date "1988.??.??"]
[Round "?"]
[White "Pinter, Jozsef"]
[Black "Chandler, Murray G"]
[Result "1/2-1/2"]
[WhiteElo "2570"]
[BlackElo "2590"]
[PlyCount "125"]
[EventDate "1988.05.??"]
[Source "ChessBase"]

1. d4 d5 2. c4 dxc4 3. Nf3 Nf6 4. e3 e6 5. Bxc4 a6 6. a4 c5 7. O-O Nc6 8. Qe2 cxd4 9. Rd1 Be7 10. exd4 O-O 11. Nc3 Nd5 12. Qe4 Nf6 13. Qh4 Nd5 14. Qg4 Kh8 15. Ne5 Ncb4 16. Qh3 Qe8 17. Be2 b6 18. Bf3 Bb7 19. Be4 f5 20. Bf3 g6 21. Bh6 Rg8 22. Rac1 Bd8 23. Re1 Ra7 24. Nxd5 Nxd5 25. Bd1 Bf6 26. Bd2 Ba8 27. Qd3 g5 28. Bb3 Nf4 29. Bxf4 gxf4 30. f3 Re7 31. Rc2 Qh5 32. Nc6 Qh4 33. Ree2 Rc7 34. d5 Bxc6 35. Rxc6 Rcg7 36. Rcxe6 Qh3 37. Qd2 Qxf3 38. Rxf6 Qxb3 39. Rf2 f3 40. g3 Qxa4 41. Rxf3 Rc7 42. Rc3 Re7 43. Rxf5 Rge8 44. Rcf3 Re1+ 45. Rf1 Rxf1+ 46. Rxf1 Qc4 47. Rf2 Qc5 48. d6 Rd8 49. d7 a5 50. Qe1 Kg7 51. Qe6 Rf8 52. Qg4+ Kh6 53. Qe2 Rxf2 54. Qxf2 Qc1+ 55. Kg2 Qc6+ 56. Kf1 Qxd7 57. Qxb6+ Kg7 58. Qb3 Qf5+ 59. Kg1 Qc5+ 60. Kg2 Qc6+ 61. Qf3 Qc2+ 62. Qf2 Qc6+ 63. Kh3 1/2-1/2

[Event "Rubinstein mem"]
[Site "Polanica Zdroj"]
[Date "1996.??.??"]
[Round "11"]
[White "Kempinski, Robert"]
[Black "Rublevsky, Sergei"]
[Result "1/2-1/2"]
[WhiteElo "2510"]
[BlackElo "2645"]
[PlyCount "32"]
[EventDate "1996.08.15"]
[Source "ChessBase"]

1. d4 d5 2. Nf3 e6 3. c4 dxc4 4. e3 c5 5. Bxc4 a6 6. a4 Nf6 7. O-O Nc6 8. Qe2 Be7 9. Rd1 O-O 10. Nc3 Qc7 11. Bd2 Rd8 12. dxc5 Bxc5 13. Rac1 b6 14. Na2 a5 15. Nc3 Bb7 16. Nb5 Qe7 1/2-1/2